Vista normal
Vista MARC
Entrada Materia (personas)
Número de registros utilizados en: 1
001 - CONTROL NUMBER
- control field: 34705
003 - CONTROL NUMBER IDENTIFIER
- control field: Co-BoUCM
005 - DATE AND TIME OF LATEST TRANSACTION
- control field: 20130403163030.0
008 - FIXED-LENGTH DATA ELEMENTS
- fixed length control field: 130403|| aca||aabn | a|a d
040 ## - CATALOGING SOURCE
- Original cataloging agency: Co-BoUCM
- Transcribing agency: Co-BoUCM
100 ## - HEADING--PERSONAL NAME
- Personal name: Charles
- Numeration: V,
- Titles and other words associated with a name: Holy Roman Emperor,
- Dates associated with a name: 1500-1558.
670 ## - SOURCE DATA FOUND
- Source citation: Work cat.: (Co-BoUCM)78022: Babelon, Jean b. 1889 34704, Carlos V , 1952